Sideshow Bob Quiz Stats

Quiz not verified by Sporcle

Challenge
Share
Tweet
Embed
Score 0/10 Timer 04:00
0 Plays Today
Hint Answer % Correct
What is the color of Sideshow Bob's hair?red
92.5%
Had Been Married to...Selma
88.1%
Number of Times Sideshow Bob Has Tried To Kill Bart7
87.3%
Who does Sideshow Bob frame for robbing the Kwik-E-Mart?Krusty
87.3%
The Voice Actor of Sideshow BobKelsey Grammer
85.1%
His political party affiliation is...Republican
82.1%
And a brother named...Cecil
79.1%
Sideshow Bob's Last NameTerwilliger
72.4%
Then married...Francesca
50.7%
And has a son named...Gino
50%

You're not logged in!

Compare scores with friends on all Sporcle quizzes.
Join for Free
OR
Log In

You Might Also Like...

Show Comments

Extras

Created Oct 31, 2010ReportNominate
Tags:bob, sideshow

Top Quizzes Today


Score Distribution

Your Account Isn't Verified!

In order to create a playlist on Sporcle, you need to verify the email address you used during registration. Go to your Sporcle Settings to finish the process.

Report this User

Report this user for behavior that violates our Community Guidelines.

Details: